The Process of water resources project planning : (Record no. 548113)
[ view plain ]
| 000 -LEADER | |
|---|---|
| fixed length control field | 00890nam a2200217 a 4500 |
| 020 ## - INTERNATIONAL STANDARD BOOK NUMBER | |
| International Standard Book Number | 9231024760 (pbk.) |
| 082 00 - DEWEY DECIMAL CLASSIFICATION NUMBER | |
| Classification number | 628.16832 |
| Author Mark | HAI |
| -- | L-23, P-29 |
| 245 04 - TITLE STATEMENT | |
| Title | The Process of water resources project planning : |
| Remainder of title | a systems approach : Project A 4.3 of the International Hydrological Programme : report / |
| Statement of responsibility, etc. | prepared by the project team editorial board, Y.Y. Haimes, chairman, J. Kindler, E. J. Plate. |
| 260 ## - PUBLICATION, DISTRIBUTION, ETC. | |
| Place of publication, distribution, etc. | Paris : |
| Name of publisher, distributor, etc. | Unesco, |
| Date of publication, distribution, etc. | 1987. |
| 300 ## - PHYSICAL DESCRIPTION | |
| Extent | 196 p. : |
| Other physical details | ill. ; |
| Dimensions | 30 cm. |
| 526 ## - STUDY PROGRAM INFORMATION NOTE | |
| Program name | 0 |
| Interest level | 0 |
| Reading level | 0 |
| Title point value | 628_168320000000000_HAI |
| 526 ## - STUDY PROGRAM INFORMATION NOTE | |
| Program name | 0 |
| Interest level | 0 |
| Reading level | 0 |
| Title point value | 628_168320000000000_HAI |
| 650 #0 - SUBJECT ADDED ENTRY--TOPICAL TERM | |
| Topical term or geographic name entry element | MCE |
| 9 (RLIN) | 379 |
| 650 #0 - SUBJECT ADDED ENTRY--TOPICAL TERM | |
| Topical term or geographic name entry element | System analysis. |
| 9 (RLIN) | 2233 |
| 650 #0 - SUBJECT ADDED ENTRY--TOPICAL TERM | |
| Topical term or geographic name entry element | Water resources development |
| General subdivision | Planning. |
| 9 (RLIN) | 44276 |
| 700 1# - ADDED ENTRY--PERSONAL NAME | |
| Personal name | Haimes, Yacov Y. |
| 9 (RLIN) | 44277 |
| 700 1# - ADDED ENTRY--PERSONAL NAME | |
| Personal name | Kindler, J. |
| 9 (RLIN) | 44278 |
| 700 1# - ADDED ENTRY--PERSONAL NAME | |
| Personal name | Plate, Erich J. |
| 9 (RLIN) | 44279 |
| 710 2# - ADDED ENTRY--CORPORATE NAME | |
| Corporate name or jurisdiction name as entry element | International Hydrological Programme. |
| 9 (RLIN) | 44280 |
| 942 ## - ADDED ENTRY ELEMENTS (KOHA) | |
| Source of classification or shelving scheme | |
| Koha item type | Book |
| Withdrawn status | Lost status | Source of classification or shelving scheme | Damaged status | Not for loan | Permanent Location | Current Location | Date acquired | Total Checkouts | Full call number | Barcode | Date last seen | Price effective from | Koha item type |
|---|---|---|---|---|---|---|---|---|---|---|---|---|---|
| Military College of Engineering (MCE) | Military College of Engineering (MCE) | 08/20/2014 | 628.16832 HAI | MCE-24325 | 08/20/2014 | 08/20/2014 | Book | ||||||
| Military College of Engineering (MCE) | Military College of Engineering (MCE) | 08/20/2014 | 628.16832 HAI | MCE-24324 | 08/20/2014 | 08/20/2014 | Book |
